• 首页
  • 本馆介绍
  • 公告通知
  • 最新文献
  • 馆藏检索
  • 电子资源
  • 读者导购
  • 参考咨询
  • 我的图书馆
  • 登录
  • 详细信息显示
  • 放入我的书架
  • 预约/预借图书
  • 作者相关作品
  • 分类相关作品
  • 丛书相关作品
  • 出版社相关作品

书目信息

  • 表格格式
  • 工作单格式
  • 卡片格式
题名:
朗文英语短语动词词典
    
 
作者: 考特尼 编著 ;石孝殊 , 朱渊 编译
分册:  
出版信息: 北京   商务印书馆  1991.12
页数: 1465页
开本: 19cm
丛书名:
单 册:
中图分类: H313.3-61
科图分类:
主题词: 英语--成语--词典
电子资源:
ISBN: 7-100-00760-7
000 00892nam0 2200277 45
001 0192002968
005 20050419152700.3
010    @a7-100-00760-7@b精装@dCNY25.40
020    @aCN@b92002968
092    @a社科285-291
100    @a19920626d1991 em y0chiy0121 ea
101 1  @achi@ceng
102    @aCN@b110000
105    @ay e 000yy
200 10 @a朗文英语短语动词词典@Alang wen ying yu duan yu dong ci ci dian@f(英)罗斯玛丽·考特尼编著@F(Ying)Luo Si Ma Li·Kao Te Ni Bian Zhu@g石孝殊,朱渊编译
210    @a北京@c商务印书馆@d1991.12
215    @a1465页@d19cm
300    @a限国内销售
300    @a本词典英语文本原由朗文出版集团有限公司1983年出版
606 0  @a英语@x成语@x词典
690    @aH313.3-61@v3
701  0 @a考特尼@4编著
702  0 @a石孝殊@Ashi xiao shu@4编译
702  0 @a朱渊@Azhu yuan@4编译
801  0 @aCN@bNLC@c19920626
905    @f2@b244580-581@dH313.3-61@e170
    
    朗文英语短语动词词典/(英)罗斯玛丽·考特尼编著/石孝殊,朱渊编译.-北京:商务印书馆,1991.12
    1465页;19cm
    限国内销售.-本词典英语文本原由朗文出版集团有限公司1983年出版
    
    ISBN 7-100-00760-7(精装):CNY25.40
    
●
相关链接 在E读中查询图书 在五车中查询图书 在当当中查询图书 在豆瓣中查询图书


正题名:朗文英语短语动词词典     索取号:H313.3-61/170         预约/预借

序号 登录号 条形码 馆藏地/架位号 状态 备注
1 0244580   001380749   工具书阅览室/ [索取号:H313.3-61/170] 在馆    
2 0244581   002027158   密集书库/ [索取号:H313.3-61/170] 在馆    
3 0244582   001380703   第二样本阅览室/ [索取号:H313.3-61/170] 在馆    
唐山师范学院图书馆 欢迎您!
大连网信软件有限公司© 版权所有